| 000 | 00697nam a2200253 i 4500 | ||
|---|---|---|---|
| 001 | C2-0224757 | ||
| 003 | PPAK | ||
| 005 | 20180728153206.0 | ||
| 008 | 000514s1979 enka|||| ||||| | eng d | ||
| 020 | _a0500233470 | ||
| 040 |
_aPPAK _beng _cPPAK _erda |
||
| 082 | 0 | 4 |
_a745.0951 _223 |
| 090 | 0 | 0 |
_a745.0951 _bWAT _dR |
| 100 | 1 |
_aWatson, Wilson, _eauthor |
|
| 245 | 1 | 0 | _aArt of Dynastic China |
| 264 | 1 |
_aLondon : _bThames and Hutson Ltd , _c1979 |
|
| 300 |
_a633 pages : _bcolour illustrations |
||
| 336 |
_2rdacontent _atext |
||
| 337 |
_2rdamedia _aunmediated |
||
| 338 |
_2rdacarrier _avolume |
||
| 500 | _aincludes index | ||
| 650 | 1 | 0 | _aArt - China ; Legends - China |
| 942 |
_ddc _cB |
||
| 999 |
_c145609 _d145609 |
||